[Event "Mauricie op"]
[Site "Trois Rivieres CAN"]
[Date "2007.03.16"]
[Round "1"]
[White "Hamilton, Robert"]
[Black "St Amand, Paul Jr"]
[Result "1-0"]
[WhiteElo "2308"]
[BlackElo "2065"]
[PlyCount "161"]
[GameId "2160767910701572"]
[EventDate "2007.03.16"]
[EventType "swiss"]
[EventRounds "5"]
[EventCountry "CAN"]
[SourceTitle "EXT 2008"]
[Source "ChessBase"]
[SourceDate "2007.11.25"]
[SourceVersion "1"]
[SourceVersionDate "2007.11.25"]
[SourceQuality "1"]

1. c4 Nf6 2. d4 e5 3. dxe5 Ng4 4. Bf4 Nc6 5. Nc3 Ngxe5 6. e3 d6 7. Nf3 Be7 8. Be2 O-O 9. Nd5 Be6 10. Qb3 Rb8 11. Rd1 Bxd5 12. Rxd5 Nxf3+ 13. gxf3 Qc8 14. Rg1 Bf6 15. Bg5 Qe6 16. f4 Rfe8 17. Bxf6 Qxf6 18. Rdg5 g6 19. h4 Kh8 20. h5 Rg8 21. hxg6 fxg6 22. Kd2 Nd8 23. Qc3 Qxc3+ 24. Kxc3 Ne6 25. R5g2 a5 26. Bf3 c6 27. Rd1 Rbd8 28. Rd2 Kg7 29. Rg1 Kf6 30. Rgd1 Ke7 31. Rh1 Rg7 32. Rh6 Rf8 33. Be4 Nc5 34. Bc2 Rf6 35. Rd1 Nd7 36. Rg1 Rgf7 37. Be4 Re6 38. Bc2 Ref6 39. Rg5 c5 40. Be4 b6 41. Rg2 Rg7 42. Rgh2 Nf8 43. Kd3 Ke6 44. a3 Ke7 45. b3 Ke6 46. Bd5+ Ke7 47. Ke4 Rf5 48. f3 Rf6 49. Bc6 Rf5 50. Bd5 Rf6 51. Kd3 Rf5 52. Kc3 Kd8 53. b4 axb4+ 54. axb4 cxb4+ 55. Kxb4 Ra7 56. R2h4 Ra1 57. Rh1 Ra2 58. R6h2 Ra7 59. Rh4 Rf6 60. Re1 h5 61. Rhh1 Ne6 62. Kb5 Nc7+ 63. Kxb6 Ra6+ 64. Kb7 Ra5 65. Ra1 Rc5 66. Rhc1 Kd7 67. Be4 Ne6 68. Kb6 Rf8 69. Ra7+ Nc7 70. Rb7 Rc8 71. Ra1 Kd8 72. Bd3 Na8+ 73. Ka7 R5c6 74. Rg7 Nb6 75. Kb7 Nxc4 76. Ra8 Rb6+ 77. Ka7 Rxa8+ 78. Kxa8 Nxe3 79. Rxg6 Ke7 80. f5 Rb3 81. Re6+ 1-0

[Event "Mauricie op"]
[Site "Trois Rivieres CAN"]
[Date "2007.03.16"]
[Round "1"]
[White "Laptos, Krzysztof"]
[Black "Sauve, Richard"]
[Result "1-0"]
[WhiteElo "2231"]
[BlackElo "2005"]
[PlyCount "73"]
[GameId "2160767910701573"]
[EventDate "2007.03.16"]
[EventType "swiss"]
[EventRounds "5"]
[EventCountry "CAN"]
[SourceTitle "EXT 2022"]
[Source "ChessBase"]
[SourceDate "2021.10.06"]
[SourceVersion "1"]
[SourceVersionDate "2021.10.06"]
[SourceQuality "1"]

1. b4 e6 2. Bb2 Nf6 3. b5 d5 4. Nf3 Be7 5. e3 O-O 6. c4 c5 7. a4 b6 8. Be2 Bb7 9. O-O Nbd7 10. a5 bxa5 11. Bc3 Nb6 12. Bxa5 d4 13. exd4 cxd4 14. d3 a6 15. Nbd2 axb5 16. Qb3 b4 17. Bxb4 Bxb4 18. Qxb4 Rb8 19. Rfb1 Nbd7 20. Qd6 e5 21. Rb5 Re8 22. Ra7 Bxf3 23. Bxf3 Rxb5 24. cxb5 Re6 25. Qb4 Nb6 26. Nc4 Nfd5 27. Qa5 e4 28. Bxe4 f5 29. Bxd5 Qxd5 30. Nxb6 Qxb5 31. Qa2 Qe5 32. g3 f4 33. Rd7 Qe1+ 34. Kg2 f3+ 35. Kxf3 Qh1+ 36. Kf4 Qc1+ 37. Kf5 1-0

[Event "Mauricie op"]
[Site "Trois Rivieres CAN"]
[Date "2007.03.16"]
[Round "1"]
[White "Panayotov, Ivo"]
[Black "Libersan, Thierry"]
[Result "0-1"]
[WhiteElo "2160"]
[BlackElo "1926"]
[PlyCount "76"]
[GameId "2160767910701576"]
[EventDate "2007.03.16"]
[EventType "swiss"]
[EventRounds "5"]
[EventCountry "CAN"]
[SourceTitle "EXT 2022"]
[Source "ChessBase"]
[SourceDate "2021.10.06"]
[SourceVersion "1"]
[SourceVersionDate "2021.10.06"]
[SourceQuality "1"]

1. e4 c5 2. Nf3 e6 3. d4 cxd4 4. Nxd4 Nc6 5. Be3 Qc7 6. Nc3 a6 7. Bd3 b5 8. O-O Bb7 9. Nxc6 Bxc6 10. Bd4 b4 11. Nb1 e5 12. Be3 Nf6 13. Nd2 Be7 14. f4 d6 15. fxe5 dxe5 16. Rf5 O-O 17. Qe2 Bd7 18. Rff1 Ng4 19. Kh1 Nxe3 20. Qxe3 Be6 21. Nf3 h6 22. Qe2 a5 23. h3 a4 24. Nd2 Bg5 25. Bc4 Rad8 26. Bd3 Bxd2 27. Qxd2 Rd4 28. a3 Rb8 29. Qe3 Qd6 30. Rf3 bxa3 31. bxa3 Qc5 32. c3 Qxc3 33. Qc1 Qxc1+ 34. Rxc1 Rb3 35. Bf1 Rxe4 36. Kg1 Rxf3 37. gxf3 Re3 38. Rc5 Rxa3 0-1

[Event "Mauricie op"]
[Site "Trois Rivieres CAN"]
[Date "2007.03.16"]
[Round "1"]
[White "Robichaud, Louis"]
[Black "Forget, Luc"]
[Result "1-0"]
[WhiteElo "2180"]
[BlackElo "1958"]
[PlyCount "53"]
[GameId "2160767910701578"]
[EventDate "2007.03.16"]
[EventType "swiss"]
[EventRounds "5"]
[EventCountry "CAN"]
[SourceTitle "EXT 2022"]
[Source "ChessBase"]
[SourceDate "2021.10.06"]
[SourceVersion "1"]
[SourceVersionDate "2021.10.06"]
[SourceQuality "1"]

1. e4 d5 2. exd5 Qxd5 3. Nc3 Qd6 4. d4 Nf6 5. Nb5 Qb6 6. Be2 a6 7. Na3 e5 8. dxe5 Bxa3 9. bxa3 Qa5+ 10. Bd2 Qxe5 11. Nf3 Qd6 12. Bc3 Qxd1+ 13. Rxd1 Nc6 14. Ne5 Nxe5 15. Bxe5 O-O 16. O-O Be6 17. Bf3 c6 18. Rb1 b5 19. Bxc6 Ra7 20. a4 Bxa2 21. Ra1 Bd5 22. Bxd5 Nxd5 23. axb5 f6 24. Bd4 Rd7 25. bxa6 Nb4 26. Bc5 Nxc2 27. Bxf8 1-0

[Event "Mauricie op"]
[Site "Trois Rivieres CAN"]
[Date "2007.03.16"]
[Round "1"]
[White "Szalay, Karoly"]
[Black "Larochelle, Martial"]
[Result "0-1"]
[WhiteElo "1970"]
[BlackElo "2188"]
[PlyCount "93"]
[GameId "2160767910701579"]
[EventDate "2007.03.16"]
[EventType "swiss"]
[EventRounds "5"]
[EventCountry "CAN"]
[SourceTitle "EXT 2022"]
[Source "ChessBase"]
[SourceDate "2021.10.06"]
[SourceVersion "1"]
[SourceVersionDate "2021.10.06"]
[SourceQuality "1"]

1. e4 c5 2. Nf3 d6 3. d4 cxd4 4. Nxd4 Nf6 5. Nc3 a6 6. Bg5 e6 7. f4 Nc6 8. Nb3 h6 9. Bxf6 Qxf6 10. Qf3 Bd7 11. O-O-O O-O-O 12. g3 Kb8 13. Bg2 Be8 14. Qe3 Qe7 15. Rhe1 Qc7 16. Kb1 Be7 17. f5 Bf6 18. Bh3 Bd7 19. Ne2 Rhe8 20. Nf4 Ne5 21. c3 Nc4 22. Qf3 Qb6 23. Qe2 Rc8 24. Nd4 Na3+ 25. Ka1 Bxd4 26. Rxd4 Nc2+ 27. Qxc2 Qxd4 28. Rd1 Qe5 29. fxe6 Bxe6 30. Nxe6 fxe6 31. Qd3 Rcd8 32. Bg2 d5 33. Qe3 dxe4 34. Re1 Rd6 35. Bxe4 Red8 36. Qf3 Rd2 37. Kb1 Rxh2 38. Re2 Rxe2 39. Qxe2 Qxg3 40. Kc2 Rf8 41. Kb3 Rf2 42. Qd1 Qe5 43. Qd8+ Ka7 44. c4 Rxb2+ 45. Ka4 b5+ 46. cxb5 Qxb5+ 47. Ka3 0-1

[Event "Mauricie op"]
[Site "Trois Rivieres CAN"]
[Date "2007.03.16"]
[Round "1"]
[White "Wilkin, Alain"]
[Black "Prahov, Valentin"]
[Result "0-1"]
[WhiteElo "1941"]
[BlackElo "2166"]
[PlyCount "114"]
[GameId "2160767910701580"]
[EventDate "2007.03.16"]
[EventType "swiss"]
[EventRounds "5"]
[EventCountry "CAN"]
[SourceTitle "EXT 2022"]
[Source "ChessBase"]
[SourceDate "2021.10.06"]
[SourceVersion "1"]
[SourceVersionDate "2021.10.06"]
[SourceQuality "1"]

1. e4 c5 2. Nf3 e6 3. d4 cxd4 4. Nxd4 Nf6 5. Nc3 Nc6 6. Be3 Bb4 7. f3 d5 8. Nxc6 bxc6 9. e5 Nd7 10. f4 O-O 11. a3 Bxc3+ 12. bxc3 f6 13. exf6 Qxf6 14. Qd4 e5 15. fxe5 Nxe5 16. Be2 Qe7 17. Kd1 Bg4 18. Bxg4 Nxg4 19. Qxg4 Qxe3 20. Qd4 Qxd4+ 21. cxd4 Rf2 22. Rb1 Re8 23. Rb3 Rxg2 24. Rc3 Re4 25. Rxc6 Rxd4+ 26. Kc1 Rc4 27. Rxc4 dxc4 28. Kb2 h5 29. h4 Rg4 30. Rh3 Kf7 31. Kc3 g5 32. Rf3+ Ke6 33. Re3+ Kd6 34. Rh3 Kd5 35. Kb2 Kd4 36. Rh2 a5 37. Rh3 a4 38. Rh2 c3+ 39. Ka2 Ke3 40. Kb1 Kf3 41. Rh3+ Rg3 42. Rh1 Kg4 43. Rh2 Rg1+ 44. Ka2 Kf3 45. Rh3+ Kg4 46. Rd3 Kxh4 47. Rh3+ Kg4 48. Rh4+ Kf3 49. Rxa4 Rg4 50. Ra8 h4 51. Rc8 h3 52. Rxc3+ Kg2 53. Rd3 h2 54. Rd2+ Kh3 55. Rd1 Rg1 56. Rd3+ Kh4 57. Rd4+ Kh5 0-1

[Event "Mauricie op"]
[Site "Trois Rivieres CAN"]
[Date "2007.03.17"]
[Round "2"]
[White "Benoit-Deschamps, Jean-Marc"]
[Black "Wilkin, Alain"]
[Result "1-0"]
[WhiteElo "2060"]
[BlackElo "1941"]
[PlyCount "49"]
[GameId "2160767910701581"]
[EventDate "2007.03.16"]
[EventType "swiss"]
[EventRounds "5"]
[EventCountry "CAN"]
[SourceTitle "EXT 2022"]
[Source "ChessBase"]
[SourceDate "2021.10.06"]
[SourceVersion "1"]
[SourceVersionDate "2021.10.06"]
[SourceQuality "1"]

1. d4 Nf6 2. c4 g6 3. Nc3 d5 4. cxd5 Nxd5 5. e4 Nxc3 6. bxc3 Bg7 7. Nf3 O-O 8. Be2 b6 9. O-O Bb7 10. Qd3 Nd7 11. Bf4 Rc8 12. e5 Nb8 13. c4 Qd7 14. Rad1 f6 15. exf6 exf6 16. d5 Na6 17. Nd4 Nc5 18. Qa3 Rfe8 19. Bf3 Bf8 20. Qc3 Bd6 21. Bxd6 cxd6 22. Nc6 Kg7 23. Nxa7 Ra8 24. Nc6 Ne4 25. Qd4 1-0

[Event "Mauricie op"]
[Site "Trois Rivieres CAN"]
[Date "2007.03.17"]
[Round "2"]
[White "Caire, Francois"]
[Black "Regnier, Alain"]
[Result "1-0"]
[WhiteElo "2217"]
[BlackElo "2081"]
[PlyCount "55"]
[GameId "2160767910701582"]
[EventDate "2007.03.16"]
[EventType "swiss"]
[EventRounds "5"]
[EventCountry "CAN"]
[SourceTitle "EXT 2022"]
[Source "ChessBase"]
[SourceDate "2021.10.06"]
[SourceVersion "1"]
[SourceVersionDate "2021.10.06"]
[SourceQuality "1"]

1. d4 d5 2. Nf3 Nf6 3. c4 dxc4 4. e3 e6 5. Bxc4 Be7 6. O-O O-O 7. Qe2 a6 8. e4 c5 9. dxc5 Qc7 10. e5 Nfd7 11. a3 Nxc5 12. b4 b5 13. Ba2 Na4 14. Bf4 Bb7 15. Rc1 Nc6 16. Nbd2 g5 17. Bg3 Rfc8 18. Qe4 Qd7 19. Qg4 Kh8 20. Nxg5 Bxg5 21. Qxg5 Qe7 22. Qh5 Nd4 23. Bh4 Ne2+ 24. Kf1 Nf4 25. Qh6 Bxg2+ 26. Kg1 Qxh4 27. Qxh4 Rg8 28. Qxf4 1-0

[Event "Mauricie op"]
[Site "Trois Rivieres CAN"]
[Date "2007.03.17"]
[Round "2"]
[White "Gadbois, Patrick"]
[Black "Fareh, Youness"]
[Result "0-1"]
[WhiteElo "1901"]
[BlackElo "2161"]
[PlyCount "85"]
[GameId "2160767910701583"]
[EventDate "2007.03.16"]
[EventType "swiss"]
[EventRounds "5"]
[EventCountry "CAN"]
[SourceTitle "EXT 2022"]
[Source "ChessBase"]
[SourceDate "2021.10.06"]
[SourceVersion "1"]
[SourceVersionDate "2021.10.06"]
[SourceQuality "1"]

1. d4 Nf6 2. Nf3 g6 3. c4 Bg7 4. Nc3 O-O 5. e4 d6 6. Be2 e5 7. O-O exd4 8. Nxd4 Re8 9. f3 Nc6 10. Be3 Nh5 11. Qd2 Nf4 12. Nxc6 Nxe2+ 13. Nxe2 bxc6 14. Bd4 c5 15. Bxg7 Kxg7 16. b3 Qe7 17. Rfe1 Bb7 18. Rad1 Rad8 19. Nc3 f6 20. Nd5 Qf7 21. Qa5 Rd7 22. Qxa7 Bxd5 23. cxd5 f5 24. Qa5 fxe4 25. Qc3+ Qf6 26. Qxf6+ Kxf6 27. Rxe4 Rxe4 28. fxe4 Ke5 29. Re1 Rf7 30. g3 g5 31. h4 Rf3 32. Rb1 Kxe4 33. Kg2 g4 34. Rf1 Rxf1 35. Kxf1 Kxd5 36. Ke2 Kc6 37. Ke3 d5 38. Kf4 c4 39. b4 c3 40. Ke3 d4+ 41. Kd3 Kd5 42. a4 Kc6 43. a5 0-1

[Event "Mauricie op"]
[Site "Trois Rivieres CAN"]
[Date "2007.03.17"]
[Round "2"]
[White "Hua, Lefong"]
[Black "Picard, Jean"]
[Result "1-0"]
[WhiteElo "2364"]
[BlackElo "2115"]
[PlyCount "67"]
[GameId "2160767910701585"]
[EventDate "2007.03.16"]
[EventType "swiss"]
[EventRounds "5"]
[EventCountry "CAN"]
[SourceTitle "EXT 2022"]
[Source "ChessBase"]
[SourceDate "2021.10.06"]
[SourceVersion "1"]
[SourceVersionDate "2021.10.06"]
[SourceQuality "1"]

1. d4 Nf6 2. c4 g6 3. Nc3 Bg7 4. e4 d6 5. f4 O-O 6. Nf3 c5 7. d5 a6 8. a4 e6 9. Be2 exd5 10. cxd5 Re8 11. Nd2 Nxe4 12. Ndxe4 Qh4+ 13. Ng3 Bd4 14. Kf1 Bf5 15. Bf3 Nd7 16. Nce2 Be3 17. Ra3 Bxc1 18. Nxf5 gxf5 19. Qxc1 Nf6 20. Qe1 Qh6 21. Qg3+ Kh8 22. Qg5 Qxg5 23. fxg5 Ne4 24. Bxe4 fxe4 25. Kf2 Re5 26. Nf4 Rxg5 27. Rb3 Rb8 28. Rb6 Rf5 29. g3 Rf6 30. Re1 Rh6 31. Kg2 f5 32. Ne6 Rxe6 33. dxe6 d5 34. Rd6 1-0

[Event "Mauricie op"]
[Site "Trois Rivieres CAN"]
[Date "2007.03.17"]
[Round "2"]
[White "Larochelle, Martial"]
[Black "Hamilton, Robert"]
[Result "0-1"]
[WhiteElo "2188"]
[BlackElo "2308"]
[PlyCount "154"]
[GameId "2160767910701587"]
[EventDate "2007.03.16"]
[EventType "swiss"]
[EventRounds "5"]
[EventCountry "CAN"]
[SourceTitle "EXT 2008"]
[Source "ChessBase"]
[SourceDate "2007.11.25"]
[SourceVersion "1"]
[SourceVersionDate "2007.11.25"]
[SourceQuality "1"]

1. Nf3 c5 2. c4 e6 3. Nc3 Nc6 4. g3 b6 5. Bg2 Bb7 6. O-O Nf6 7. b3 Be7 8. Bb2 O-O 9. e3 d6 10. d4 cxd4 11. exd4 d5 12. cxd5 Nxd5 13. Nxd5 Qxd5 14. Ne5 Qd6 15. Nc4 Qd8 16. Ne5 Rc8 17. Rc1 Nxe5 18. Bxb7 Rxc1 19. Bxc1 Qd7 20. Be4 Ng6 21. Qd3 Rd8 22. Be3 f5 23. Bg2 Bf6 24. Qc4 Rc8 25. Qd3 Ne7 26. Re1 Kf7 27. Qd1 Rd8 28. Qh5+ Kg8 29. Rd1 Nd5 30. Bg5 Bxg5 31. Qxg5 Nf6 32. h3 Kf7 33. Qc1 Qe7 34. Qc4 Rd6 35. b4 Qd7 36. b5 Nd5 37. a4 Ne7 38. Bf3 Kf8 39. Qc3 Qd8 40. Bc6 Kf7 41. Qc4 h6 42. Bf3 Qd7 43. Kg2 Kf8 44. Qb3 Qc7 45. Re1 Kf7 46. Bh5+ g6 47. Bf3 Qd7 48. Qe3 Ng8 49. Rd1 Nf6 50. Qxh6 Rxd4 51. Re1 Qd6 52. h4 e5 53. h5 gxh5 54. Bxh5+ Ke6 55. Qg6 Qe7 56. Rc1 Qf8 57. Rc6+ Rd6 58. Rxd6+ Kxd6 59. Qxf5 Qe7 60. Be2 e4 61. g4 Nd7 62. Bc4 Kc7 63. Qd5 e3 64. Qc6+ Kd8 65. Qa8+ Kc7 66. Qxa7+ Kd6 67. Qb7 exf2 68. Qc6+ Ke5 69. Qd5+ Kf6 70. Qf5+ Kg7 71. Bd3 Qd6 72. Qh7+ Kf8 73. Qf5+ Ke7 74. g5 Ne5 75. Be4 Qd4 76. Qf6+ Kd7 77. Bc6+ Kc7 0-1

[Event "Mauricie op"]
[Site "Trois Rivieres CAN"]
[Date "2007.03.17"]
[Round "2"]
[White "Lemire-Paquin, Alexandre"]
[Black "Poirier, Erik"]
[Result "1/2-1/2"]
[WhiteElo "1991"]
[BlackElo "2063"]
[PlyCount "46"]
[GameId "2160767910701588"]
[EventDate "2007.03.16"]
[EventType "swiss"]
[EventRounds "5"]
[EventCountry "CAN"]
[SourceTitle "EXT 2022"]
[Source "ChessBase"]
[SourceDate "2021.10.06"]
[SourceVersion "1"]
[SourceVersionDate "2021.10.06"]
[SourceQuality "1"]

1. e4 c5 2. Nf3 Nc6 3. Bb5 Nf6 4. Nc3 g6 5. e5 Ng4 6. Bxc6 dxc6 7. h3 Nh6 8. O-O Bg7 9. d3 Nf5 10. Ne4 b6 11. Bf4 O-O 12. c3 Ba6 13. Ne1 f6 14. exf6 exf6 15. a3 Qd5 16. Qc2 Rae8 17. f3 Bh6 18. Bxh6 Nxh6 19. Qa4 Bxd3 20. Nxd3 Qxd3 21. Qxa7 Qe3+ 22. Nf2 c4 23. Rad1 Rf7 1/2-1/2

[Event "Mauricie op"]
[Site "Trois Rivieres CAN"]
[Date "2007.03.17"]
[Round "2"]
[White "Masse, Hugues"]
[Black "Campbell, Martin-Alexandre"]
[Result "1/2-1/2"]
[WhiteElo "2260"]
[BlackElo "1763"]
[PlyCount "50"]
[GameId "2160767910709782"]
[EventDate "2007.03.16"]
[EventType "swiss"]
[EventRounds "5"]
[EventCountry "CAN"]
[SourceTitle "EXT 2022"]
[Source "ChessBase"]
[SourceDate "2021.10.06"]
[SourceVersion "1"]
[SourceVersionDate "2021.10.06"]
[SourceQuality "1"]

1. d4 d5 2. c4 c6 3. Nf3 Nf6 4. Nc3 g6 5. e3 Bg7 6. Be2 O-O 7. O-O b6 8. b4 dxc4 9. Bxc4 Bb7 10. Qb3 Nbd7 11. e4 c5 12. e5 Ne8 13. bxc5 Bxf3 14. gxf3 bxc5 15. Bxf7+ Rxf7 16. e6 Rxf3 17. exd7+ Kh8 18. dxe8=Q+ Qxe8 19. Qc4 Rxc3 20. Qxc3 Bxd4 21. Qc4 Bxa1 22. Qxc5 Bf6 23. Bf4 Qd7 24. Rc1 Qg4+ 25. Bg3 h5 1/2-1/2

[Event "Mauricie op"]
[Site "Trois Rivieres CAN"]
[Date "2007.03.17"]
[Round "2"]
[White "Paradis, Sylvain"]
[Black "Audet-Bouchard, Nicolas"]
[Result "0-1"]
[WhiteElo "1915"]
[BlackElo "2200"]
[PlyCount "54"]
[GameId "2160767910709783"]
[EventDate "2007.03.16"]
[EventType "swiss"]
[EventRounds "5"]
[EventCountry "CAN"]
[SourceTitle "EXT 2022"]
[Source "ChessBase"]
[SourceDate "2021.10.06"]
[SourceVersion "1"]
[SourceVersionDate "2021.10.06"]
[SourceQuality "1"]

1. e4 c5 2. Nf3 Nc6 3. d4 cxd4 4. Nxd4 Nf6 5. Nc3 d6 6. Be2 g6 7. O-O Bg7 8. Be3 O-O 9. h3 a5 10. Ndb5 Be6 11. f4 a4 12. a3 Na5 13. Nd4 Bc4 14. b4 axb3 15. cxb3 Bxe2 16. Qxe2 Rc8 17. Rac1 Rxc3 18. Rxc3 Nxe4 19. Rc2 Ng3 20. Qb5 Nxf1 21. Kxf1 e5 22. fxe5 dxe5 23. Ne2 Qd1+ 24. Kf2 Qxc2 25. Qxa5 Qxb3 26. Qb4 Qxb4 27. axb4 Rc8 0-1

[Event "Mauricie op"]
[Site "Trois Rivieres CAN"]
[Date "2007.03.17"]
[Round "2"]
[White "Pepin, Christian"]
[Black "Auger, Bertrand"]
[Result "0-1"]
[WhiteElo "1957"]
[BlackElo "2007"]
[PlyCount "118"]
[GameId "2160767910709784"]
[EventDate "2007.03.16"]
[EventType "swiss"]
[EventRounds "5"]
[EventCountry "CAN"]
[SourceTitle "EXT 2022"]
[Source "ChessBase"]
[SourceDate "2021.10.06"]
[SourceVersion "1"]
[SourceVersionDate "2021.10.06"]
[SourceQuality "1"]

1. e4 e6 2. d4 d5 3. exd5 exd5 4. c4 Nf6 5. Nc3 c6 6. Nf3 Be7 7. h3 O-O 8. Bd3 dxc4 9. Bxc4 Nbd7 10. O-O Nb6 11. Bd3 Be6 12. Bg5 Bc4 13. Bxc4 Nxc4 14. Qb3 Nb6 15. Na4 Nxa4 16. Qxa4 h6 17. Bf4 Nd5 18. Be5 Re8 19. Rad1 Qb6 20. a3 Qxb2 21. Rb1 Qxa3 22. Qc2 Qa6 23. Rfe1 Bb4 24. Re4 Nc3 25. Rxb4 Nxe4 26. Qxe4 f6 27. Qb1 fxe5 28. Qb3+ Kh8 29. dxe5 Qa1+ 30. Kh2 b5 31. Qf7 Rf8 32. Qc7 Rxf3 33. gxf3 Re8 34. e6 Qf6 35. Qxc6 Rxe6 36. Qxb5 Qxf3 37. Qc5 Re2 38. Rb8+ Kh7 39. Rf8 Qe4 40. Qf5+ Qxf5 41. Rxf5 Kg6 42. Rf8 a5 43. Kg3 a4 44. Ra8 Ra2 45. Ra7 a3 46. Ra6+ Kf5 47. Ra7 Ra1 48. Kf3 a2 49. Ra5+ Ke6 50. h4 g5 51. hxg5 hxg5 52. Ra6+ Kf5 53. Ra5+ Kg6 54. Ra6+ Kh5 55. Ra4 g4+ 56. Kg2 Kg5 57. Ra5+ Kf4 58. Ra4+ Ke5 59. Rxg4 Rb1 0-1

[Event "Mauricie op"]
[Site "Trois Rivieres CAN"]
[Date "2007.03.17"]
[Round "2"]
[White "Sauve, Richard"]
[Black "Fortier, Marc-Andre"]
[Result "1-0"]
[WhiteElo "2005"]
[BlackElo "2074"]
[PlyCount "68"]
[GameId "2160767910709787"]
[EventDate "2007.03.16"]
[EventType "swiss"]
[EventRounds "5"]
[EventCountry "CAN"]
[SourceTitle "EXT 2022"]
[Source "ChessBase"]
[SourceDate "2021.10.06"]
[SourceVersion "1"]
[SourceVersionDate "2021.10.06"]
[SourceQuality "1"]

1. d4 g6 2. c4 Bg7 3. e4 d6 4. Nc3 Nd7 5. Be3 e5 6. d5 Ne7 7. Nf3 h6 8. Be2 O-O 9. Qd2 Kh7 10. O-O-O f5 11. exf5 gxf5 12. g3 a6 13. Nh4 b5 14. cxb5 axb5 15. Bxb5 Ba6 16. Bxa6 Rxa6 17. Qd3 Qa8 18. a3 e4 19. Qc2 Ne5 20. Bd4 Rb8 21. Nxf5 Nxf5 22. Qxe4 Rxa3 23. Qxf5+ Kh8 24. bxa3 Qxa3+ 25. Kd2 Nc4+ 26. Ke2 Qb2+ 27. Kf1 Bxd4 28. Rxd4 Qxc3 29. Qf6+ Kh7 30. Kg2 Rb2 31. Qf7+ Kh8 32. Rf4 Ne5 33. Qe8+ Kg7 34. Qe7+ Kh8 1-0

[Event "Mauricie op"]
[Site "Trois Rivieres CAN"]
[Date "2007.03.17"]
[Round "3"]
[White "Beaudoin, Stephane"]
[Black "Gadbois, Patrick"]
[Result "1-0"]
[WhiteElo "2059"]
[BlackElo "1901"]
[PlyCount "91"]
[GameId "2160767910709789"]
[EventDate "2007.03.16"]
[EventType "swiss"]
[EventRounds "5"]
[EventCountry "CAN"]
[SourceTitle "EXT 2022"]
[Source "ChessBase"]
[SourceDate "2021.10.06"]
[SourceVersion "1"]
[SourceVersionDate "2021.10.06"]
[SourceQuality "1"]

1. e4 e6 2. b3 d5 3. Bb2 dxe4 4. Nc3 Nf6 5. Qe2 Be7 6. O-O-O O-O 7. Nxe4 Nxe4 8. Qxe4 Bf6 9. d4 Qd5 10. Bd3 Qxe4 11. Bxe4 Nd7 12. Nf3 c5 13. Ne5 Nxe5 14. dxe5 Be7 15. Rd3 Rb8 16. Rhd1 b6 17. Kb1 Ba6 18. Rd7 Rfd8 19. Bf3 Bg5 20. Bc1 Bb5 21. Rxa7 Rxd1 22. Bxd1 Bh4 23. g3 Bd8 24. Bf3 g5 25. c4 Be8 26. a4 Kf8 27. Bd2 Be7 28. Ra8 Rxa8 29. Bxa8 Bd8 30. Ka2 h6 31. Ka3 Bc7 32. Bc3 Ke7 33. b4 Kd8 34. Bb7 Bb8 35. Be4 Kc7 36. f4 gxf4 37. gxf4 Bc6 38. Bxc6 Kxc6 39. b5+ Kb7 40. a5 bxa5 41. Bxa5 h5 42. Kb3 Ba7 43. Kc2 Kc8 44. Kd3 Kd7 45. Ke4 Ke7 46. Bc7 1-0

[Event "Mauricie op"]
[Site "Trois Rivieres CAN"]
[Date "2007.03.17"]
[Round "3"]
[White "Bourassa, Samuel"]
[Black "Masse, Hugues"]
[Result "0-1"]
[WhiteElo "2004"]
[BlackElo "2260"]
[PlyCount "74"]
[GameId "2160767910709791"]
[EventDate "2007.03.16"]
[EventType "swiss"]
[EventRounds "5"]
[EventCountry "CAN"]
[SourceTitle "EXT 2022"]
[Source "ChessBase"]
[SourceDate "2021.10.06"]
[SourceVersion "1"]
[SourceVersionDate "2021.10.06"]
[SourceQuality "1"]

1. e4 c5 2. Nf3 d6 3. d4 cxd4 4. Nxd4 Nf6 5. Nc3 a6 6. Be3 e5 7. Nb3 Be6 8. Be2 Be7 9. Qd2 O-O 10. O-O-O Nbd7 11. f3 b5 12. a3 Nb6 13. Bd3 Nc4 14. Qe2 Rc8 15. Nd5 Nxd5 16. exd5 Nxe3 17. dxe6 Nxd1 18. exf7+ Rxf7 19. Rxd1 g6 20. g3 Bf6 21. Be4 Kh8 22. h4 Qb6 23. Qd3 Rd8 24. Bd5 Rc7 25. Nd2 Qd4 26. Ne4 Qxd3 27. Rxd3 Be7 28. Rd2 Kg7 29. Kd1 Rb8 30. Be6 Rd8 31. Bd5 h5 32. Nc3 g5 33. hxg5 Bxg5 34. Rh2 Rh8 35. Ne4 Be7 36. Be6 Rc6 37. Kd2 d5 0-1

[Event "Mauricie op"]
[Site "Trois Rivieres CAN"]
[Date "2007.03.17"]
[Round "3"]
[White "Campbell, Martin-Alexandre"]
[Black "Larochelle, Martial"]
[Result "0-1"]
[WhiteElo "1763"]
[BlackElo "2188"]
[PlyCount "74"]
[GameId "2160767910709792"]
[EventDate "2007.03.16"]
[EventType "swiss"]
[EventRounds "5"]
[EventCountry "CAN"]
[SourceTitle "EXT 2022"]
[Source "ChessBase"]
[SourceDate "2021.10.06"]
[SourceVersion "1"]
[SourceVersionDate "2021.10.06"]
[SourceQuality "1"]

1. e4 c5 2. Nf3 d6 3. d4 cxd4 4. Nxd4 Nf6 5. Nc3 a6 6. Be3 e5 7. Nf3 h6 8. h3 Be6 9. Be2 Be7 10. O-O O-O 11. Nh2 Nbd7 12. Ng4 Rc8 13. Qd2 Nxg4 14. Bxg4 Nf6 15. Bxe6 fxe6 16. f3 Qe8 17. Ne2 Qg6 18. c3 Rfd8 19. Rad1 d5 20. exd5 Nxd5 21. Qc1 Rf8 22. Kh1 e4 23. Nf4 Nxf4 24. Bxf4 e5 25. Bxe5 exf3 26. Rxf3 Rxf3 27. gxf3 Qf5 28. Qe3 Qxh3+ 29. Kg1 Rf8 30. Rf1 Rf5 31. b4 Rg5+ 32. Kf2 Qg2+ 33. Ke1 Rxe5 34. Qxe5 Bh4+ 35. Kd1 Qxf1+ 36. Kc2 Qxf3 37. Qe8+ Kh7 0-1

[Event "Mauricie op"]
[Site "Trois Rivieres CAN"]
[Date "2007.03.17"]
[Round "3"]
[White "Chartrand, Jean Bruno"]
[Black "Prahov, Valentin"]
[Result "0-1"]
[WhiteElo "1826"]
[BlackElo "2166"]
[PlyCount "126"]
[GameId "2160767910709793"]
[EventDate "2007.03.16"]
[EventType "swiss"]
[EventRounds "5"]
[EventCountry "CAN"]
[SourceTitle "EXT 2022"]
[Source "ChessBase"]
[SourceDate "2021.10.06"]
[SourceVersion "1"]
[SourceVersionDate "2021.10.06"]
[SourceQuality "1"]

1. d4 Nf6 2. c4 g6 3. Nc3 d5 4. cxd5 Nxd5 5. e4 Nxc3 6. bxc3 c5 7. Be3 Bg7 8. Bc4 O-O 9. Ne2 cxd4 10. cxd4 Nc6 11. O-O Bg4 12. f3 Na5 13. Bd3 Be6 14. d5 Bxa1 15. Qxa1 f6 16. Qd4 Bf7 17. f4 Qb6 18. Qxb6 axb6 19. Rb1 Rfc8 20. Rb4 f5 21. Bxb6 fxe4 22. Rxe4 Bxd5 23. Rxe7 Bxa2 24. Bd4 Bf7 25. Bf6 b6 26. f5 gxf5 27. Ng3 Rc6 28. Bb2 Rd8 29. Bxf5 Rd1+ 30. Kf2 Rd2+ 31. Re2 Rxe2+ 32. Kxe2 Bg6 33. Kd3 Nc4 34. Bc3 Nd6 35. Bxg6 hxg6 36. Ne2 Kf7 37. Nd4 Rc8 38. Nf3 Ke6 39. Bd4 b5 40. Ne5 g5 41. Nf3 g4 42. Nd2 b4 43. Nb3 Kd5 44. Bb2 Rc7 45. Nd4 Rh7 46. Nc2 b3 47. Ne3+ Kc5 48. Ba3+ Kc6 49. Nxg4 Nb5 50. Bb2 Kc5 51. h3 Rd7+ 52. Ke3 Rd1 53. Nf2 Rb1 54. Nd3+ Kc4 55. Ne5+ Kd5 56. Nd3 Nd6 57. Kd2 Ne4+ 58. Ke3 Nc5 59. Bf6 Nxd3 60. Kxd3 Rc1 61. g4 Rc2 62. h4 Ke6 63. g5 Rh2 0-1